Wates wins £160m to go top (Record no. 82986)

MARC details
000 -LEADER
fixed length control field 00951cab a22001935a 4500
001 - CONTROL NUMBER
control field L152524
008 - FIXED-LENGTH DATA ELEMENTS--GENERAL INFORMATION
fixed length control field 110323e20110318xxk 000 0 eng d
035 ## - SYSTEM CONTROL NUMBER
System control number (Sirsi) u152524
041 0# - LANGUAGE CODE
Language code of text/sound track or separate title eng
100 1# - MAIN ENTRY--PERSONAL NAME
Personal name Lowery, Dave
245 00 - TITLE STATEMENT
Title Wates wins £160m to go top
Remainder of title business barometer, amount of work awarded in February dropped but big wins shuffle positions of top 10 contractors
260 ## - PUBLICATION, DISTRIBUTION, ETC.
Date of publication, distribution, etc. 2011
490 ## - SERIES STATEMENT
Series statement Building
Volume/sequential designation 276 (8670) 18 March 2011, 18-19(2)
520 ## - SUMMARY, ETC.
Summary, etc. Overview activity in February; tables of top contractors including and excluding civils for February 2011; yearly work won March 2010-February 2011; top architects, clients/promoters, and quantity surveyors March 2010 to February 2011 using information from Barbour ABI and CPA. Looks at government cuts, the slow moving housing market recovery, and output.
590 ## - LOCAL NOTE (RLIN)
Local note KA
651 #4 - SUBJECT ADDED ENTRY--GEOGRAPHIC NAME
Geographic name United Kingdom
Chronological subdivision
690 ## - LOCAL SUBJECT ADDED ENTRY--TOPICAL TERM (OCLC, RLIN)
Topical term or geographic name as entry element BUILT ENVIRONMENT-CONSTRUCTION MARKET
942 ## - ADDED ENTRY ELEMENTS (KOHA)
Suppress in OPAC 0
Holdings
Withdrawn status Lost status Source of classification or shelving scheme Damaged status Not for loan Home library Current library Shelving location Date acquired Total Checkouts Full call number Barcode Date last seen Copy number Price effective from Koha item type
    Dewey Decimal Classification     London London Journal article 23/03/2011   L152524 152524-1001 06/08/2019 1 06/08/2019 Journal article